[Event "Moscow-ch op Superfinal"]
[Site "Ershovo"]
[Date "2024.02.28"]
[Round "8"]
[White "Nabiyev, Iman"]
[Black "Alekseenko, Mariya"]
[Result "0-1"]
[WhiteElo "1427"]
[BlackElo "1970"]
[PlyCount "70"]
[EventDate "2024.02.23"]
[EventType "swiss"]
[EventRounds "10"]
[EventCountry "RUS"]
[SourceTitle "CB10_2024"]
[SourceDate "2024.03.06"]
[SourceVersion "1"]
[SourceVersionDate "2024.03.06"]
[SourceQuality "1"]

1. e4 c5 2. Nf3 e6 3. c4 Nc6 4. Nc3 Nf6 5. a3 Be7 6. d4 cxd4 7. Nxd4 0-0 8. Be2 Qc7 9. 0-0 a6 10. Be3 b6 11. Rc1 Bb7 12. Nd5 exd5 13. cxd5 Rfd8 14. dxc6 dxc6 15. Qc2 c5 16. Bf3 Bd6 17. Nf5 Bxh2+ 18. Kh1 Bf4 19. b4 Bxe3 20. Nxe3 Qf4 21. bxc5 bxc5 22. e5 Bxf3 23. exf6 Be4 24. Qxc5 Qxf6 25. Kg1 h6 26. Rfd1 Kh7 27. Qb4 Qg6 28. Qe7 Re8 29. Qd7 Re6 30. Rd4 f5 31. Rc8 Rxc8 32. Qxc8 Rc6 33. Qd7 f4 34. f3 Rc1+ 35. Kh2 Qg3# 0-1

[Event "Khanty-Mansiysk Governor Cup 19th"]
[Site "Khanty-Mansiysk"]
[Date "2023.11.24"]
[Round "8"]
[White "Alekseenko, Mariya"]
[Black "Titarov, Vasilii"]
[Result "0-1"]
[WhiteElo "1957"]
[BlackElo "2133"]
[PlyCount "154"]
[EventDate "2023.11.17"]
[EventType "swiss"]
[EventRounds "9"]
[EventCountry "RUS"]
[SourceTitle "CB48_2023"]
[SourceDate "2023.11.29"]
[SourceVersion "1"]
[SourceVersionDate "2023.11.29"]
[SourceQuality "1"]

1. Nf3 d5 2. g3 Nf6 3. Bg2 Bf5 4. 0-0 e6 5. d3 h6 6. Nbd2 Be7 7. b3 0-0 8. Bb2 Nbd7 9. Qe1 Bh7 10. e4 a5 11. a4 Bb4 12. e5 Ne8 13. Qe2 c6 14. Nd4 Qb6 15. f4 Nc7 16. Kh1 Qa6 17. f5 exf5 18. Nxf5 Ne6 19. Bh3 Rae8 20. Nf3 Qb6 21. d4 Qd8 22. Rad1 Be7 23. c4 Nb6 24. c5 Nc8 25. Bc3 b6 26. Qa6 bxc5 27. Qxc6 cxd4 28. N3xd4 Bb4 29. Bxb4 axb4 30. Rfe1 Nxd4 31. Nxd4 Be4+ 32. Rxe4 dxe4 33. Qxe4 Ne7 34. Re1 Qa8 35. Qxa8 Rxa8 36. Nb5 Rfd8 37. Bf1 Rd2 38. Bc4 Ng6 39. e6 fxe6 40. Nc7 Ra7 41. Nxe6 Kh7 42. h4 Ra5 43. Re3 Kh8 44. Bb5 Ra8 45. h5 Rc8 46. Bc4 Nf8 47. Nf4 Rcd8 48. Nd3 Ra2 49. Rf3 Nh7 50. Rf1 Nf6 51. Nxb4 Rad2 52. Nc6 Re8 53. Kg1 Nxh5 54. Rf3 Re1+ 55. Bf1 Nf6 56. Nb4 Ne4 57. Nd3 Ra1 58. Ne5 Kh7 59. Nc4 Rda2 60. a5 Ng5 61. Rf8 Ne4 62. Rf3 g5 63. g4 h5 64. gxh5 g4 65. Rf7+ Kh6 66. Ne3 Ng5 67. Rf6+ Kxh5 68. a6 Nf3+ 69. Rxf3 gxf3 70. b4 Rxa6 71. Kf2 R6a3 72. Nd5 R3a2+ 73. Kxf3 Rxf1+ 74. Ke4 Rb2 75. Kd4 Rd1+ 76. Kc3 Rxd5 77. Kxb2 Rd3 0-1

[Event "RUS GP Top 28 Rapid (Women)"]
[Site "Khanty-Mansiysk"]
[Date "2022.12.02"]
[Round "6"]
[White "Alekseenko, Mariya"]
[Black "Mikheeva, Galina"]
[Result "1-0"]
[WhiteElo "1871"]
[BlackElo "2059"]
[PlyCount "141"]
[EventDate "2022.12.01"]
[EventType "tourn (rapid)"]
[EventRounds "13"]
[EventCountry "RUS"]
[SourceTitle "CBM 211 Extra"]
[Source "ChessBase"]
[SourceDate "2023.01.31"]
[SourceVersion "1"]
[SourceVersionDate "2023.01.31"]
[SourceQuality "1"]

1. c4 Nf6 2. Nc3 e6 3. e4 d5 4. e5 d4 5. exf6 dxc3 6. bxc3 Qxf6 7. d4 b6 8. Be2 Bb7 9. Bf3 Bxf3 10. Nxf3 Bd6 11. Qa4+ c6 12. 0-0 0-0 13. Bg5 Qf5 14. Rab1 Bc7 15. Bh4 Rc8 16. Rfd1 Nd7 17. Bg3 Bxg3 18. hxg3 h6 19. Rb2 Rc7 20. Re2 b5 21. Qa5 Rac8 22. c5 Qd5 23. Rde1 Rb7 24. Nd2 Nf6 25. Qb4 Qd8 26. Qb2 Rcb8 27. Nf3 Nd7 28. Qb3 a5 29. Qb2 Qc7 30. Re3 Nf6 31. Ne5 Nd7 32. Ng4 Qd8 33. Qc2 Qg5 34. Qe4 Rc8 35. Nh2 Nf6 36. Qb1 Qd5 37. Nf3 b4 38. Ne5 Rbb8 39. Qb2 bxc3 40. Qxc3 Rb4 41. a3 Rxd4 42. Qxa5 Qd8 43. Qa7 Rc7 44. Qa5 Rc8 45. Qa7 Nd7 46. Rf3 Nxe5 47. Rxe5 Rc7 48. Qb6 Qd7 49. Kh2 Rb7 50. Qa6 Ra7 51. Qe2 Raa4 52. Rb3 Rd2 53. Qe3 Rad4 54. Re4 Rd5 55. g4 Qe7 56. Rc3 Kh7 57. g3 Qf6 58. Rf4 Qg6 59. a4 Ra2 60. Ra3 Rxa3 61. Qxa3 h5 62. gxh5 Rxh5+ 63. Kg2 Qh6 64. Qd3+ f5 65. Rh4 Rxh4 66. gxh4 Qxh4 67. Qh3 g5 68. Qxh4+ gxh4 69. a5 e5 70. a6 f4 71. a7 1-0

[Event "Ural-ch (Women)"]
[Site "Cheliabinsk"]
[Date "2022.03.19"]
[Round "4"]
[White "Alekseenko, Mariya"]
[Black "Danilyuk, Olga"]
[Result "0-1"]
[WhiteElo "1880"]
[BlackElo "1987"]
[PlyCount "68"]
[EventDate "2022.03.16"]
[EventType "swiss"]
[EventRounds "9"]
[EventCountry "RUS"]
[SourceTitle "EXT 2023"]
[Source "ChessBase"]
[SourceDate "2022.10.05"]
[SourceVersion "1"]
[SourceVersionDate "2022.10.05"]
[SourceQuality "1"]

1. d4 e6 2. Nf3 d5 3. g3 Nf6 4. Bg2 b5 5. 0-0 Bb7 6. Nbd2 Nbd7 7. a4 b4 8. a5 c5 9. c4 dxc4 10. Nxc4 Bd5 11. Ne3 Bc6 12. Qb3 Be7 13. Rd1 0-0 14. dxc5 Rb8 15. Ne5 Bxg2 16. Kxg2 Nxc5 17. Qc4 Qc7 18. N3g4 Nxg4 19. Nxg4 h5 20. Ne3 Rfc8 21. Bd2 Qb7+ 22. f3 Bf6 23. Rab1 Na4 24. Qb3 Qb5 25. Kf1 Qxa5 26. Ra1 Nc5 27. Qxe6 Qb5 28. Qd5 Rd8 29. Qc4 Qxc4 30. Nxc4 Nb3 31. Rxa7 Rbc8 32. Nb6 Rc2 33. Nd7 Nxd2+ 34. Ke1 Bxb2 0-1

[Event "Cheliabinsk Panchenko Memorial op-B"]
[Site "Cheliabinsk"]
[Date "2021.09.19"]
[Round "8"]
[White "Alekseenko, Mariya"]
[Black "Barkasheva, Sofia"]
[Result "1-0"]
[WhiteElo "1888"]
[BlackElo "1605"]
[PlyCount "63"]
[EventDate "2021.09.13"]
[EventType "swiss"]
[EventRounds "10"]
[EventCountry "RUS"]
[SourceTitle "CBM 204 Extra"]
[Source "ChessBase"]
[SourceDate "2021.11.30"]
[SourceVersion "1"]
[SourceVersionDate "2021.11.30"]
[SourceQuality "1"]

1. d4 Nf6 2. c4 g6 3. g3 Bg7 4. Bg2 0-0 5. Nc3 d6 6. Nf3 c5 7. 0-0 Nc6 8. e3 a6 9. Qe2 Bd7 10. b3 Rb8 11. Bb2 Qa5 12. Rfd1 b5 13. dxc5 dxc5 14. Nd5 Rfd8 15. Nxf6+ Bxf6 16. Bxf6 exf6 17. cxb5 axb5 18. Qb2 f5 19. Qf6 Qc7 20. Ng5 Ne5 21. Rd5 Rb6 22. Qxe5 Qxe5 23. Rxe5 h6 24. Nf3 Rc8 25. Rc1 c4 26. Nd4 c3 27. b4 Rd6 28. Rc5 Rb8 29. R1xc3 Ra6 30. a3 Kf8 31. Bf1 Rab6 32. Nc6 1-0

[Event "Cheliabinsk Panchenko Memorial op-B"]
[Site "Cheliabinsk"]
[Date "2021.09.19"]
[Round "7"]
[White "Danilova, Rada"]
[Black "Alekseenko, Mariya"]
[Result "1-0"]
[WhiteElo "2032"]
[BlackElo "1888"]
[PlyCount "51"]
[EventDate "2021.09.13"]
[EventType "swiss"]
[EventRounds "10"]
[EventCountry "RUS"]
[SourceTitle "CBM 204 Extra"]
[Source "ChessBase"]
[SourceDate "2021.11.30"]
[SourceVersion "1"]
[SourceVersionDate "2021.11.30"]
[SourceQuality "1"]

1. d4 Nf6 2. c4 c5 3. d5 b5 4. Nd2 d6 5. e4 b4 6. a3 Qb6 7. Ngf3 g6 8. Be2 Bg7 9. 0-0 0-0 10. Re1 Nbd7 11. h3 a5 12. Bf1 Ne8 13. axb4 cxb4 14. Nb3 a4 15. Be3 Qb7 16. c5 dxc5 17. Nxc5 Nxc5 18. Bxc5 Bxb2 19. Rxa4 Bc3 20. Rxa8 Qxa8 21. Bxe7 Bxe1 22. Qxe1 b3 23. Bxf8 b2 24. Bb4 Qa1 25. Bd3 Ba6 26. Bb1 1-0

[Event "Cheliabinsk Panchenko Memorial op-B"]
[Site "Cheliabinsk"]
[Date "2021.09.18"]
[Round "6"]
[White "Alekseenko, Mariya"]
[Black "Strutinskaya, Galina N"]
[Result "1/2-1/2"]
[WhiteElo "1888"]
[BlackElo "2110"]
[PlyCount "139"]
[EventDate "2021.09.13"]
[EventType "swiss"]
[EventRounds "10"]
[EventCountry "RUS"]
[SourceTitle "CBM 204 Extra"]
[Source "ChessBase"]
[SourceDate "2021.11.30"]
[SourceVersion "1"]
[SourceVersionDate "2021.11.30"]
[SourceQuality "1"]

1. d4 Nf6 2. c4 e6 3. g3 d5 4. Bg2 dxc4 5. Qa4+ Nbd7 6. Qxc4 c5 7. dxc5 Bxc5 8. Nf3 a6 9. b4 Bd6 10. Bb2 Qe7 11. a3 Nb6 12. Qb3 e5 13. Nbd2 Bd7 14. Ng5 Ba4 15. Qd3 Rd8 16. Qb1 Bb8 17. Qa2 0-0 18. Nge4 Bb5 19. Nc3 Bd7 20. Rd1 Bf5 21. e4 Bg4 22. Rc1 Rd6 23. Ncb1 Rfd8 24. Bc3 Na4 25. 0-0 Nxc3 26. Rxc3 Ba7 27. h3 Bd4 28. Rc2 Be6 29. Nb3 b6 30. N1d2 a5 31. Qb1 axb4 32. axb4 Nd7 33. Rc7 Qf6 34. Nf3 Bxb3 35. Qxb3 Nf8 36. Rfc1 Ne6 37. Rc8 h6 38. Rxd8+ Rxd8 39. h4 Qg6 40. Rc6 Qxe4 41. Rxe6 fxe6 42. Qxe6+ Kh8 43. Kh2 Rf8 44. h5 Qf5 45. Nxd4 exd4 46. Qxb6 d3 47. Qd6 Qxh5+ 48. Kg1 Qf5 49. Qd4 Re8 50. Bf1 Re1 51. Kg2 Rd1 52. g4 Qg6 53. b5 d2 54. Qd8+ Kh7 55. Bd3 Rg1+ 56. Kh3 Rh1+ 57. Kg2 d1Q 58. Bxg6+ Kxg6 59. Qe8+ Kf6 60. Qf8+ Ke6 61. Qe8+ Kd5 62. Qf7+ Kc5 63. Qc7+ Kb4 64. Qe7+ Kxb5 65. Qb7+ Kc4 66. Qc7+ Kd5 67. Qd7+ Ke5 68. Qxg7+ Kf4 69. Qf6+ Ke4 70. Qe6+ 1/2-1/2

[Event "Sochi Lobanov Memorial"]
[Site "Sochi"]
[Date "2021.06.15"]
[Round "1"]
[White "Kryakvin, Dmitry"]
[Black "Alekseenko, Mariya"]
[Result "1-0"]
[WhiteElo "2570"]
[BlackElo "1805"]
[PlyCount "73"]
[EventDate "2021.06.15"]
[EventType "swiss"]
[EventRounds "9"]
[EventCountry "RUS"]
[SourceTitle "CBM 203 Extra"]
[Source "ChessBase"]
[SourceDate "2021.09.30"]
[SourceVersion "1"]
[SourceVersionDate "2021.09.30"]
[SourceQuality "1"]

1. d4 Nf6 2. c4 c5 3. d5 b5 4. cxb5 a6 5. e3 d6 6. Nc3 g6 7. a4 Bg7 8. Ra3 0-0 9. Nf3 Nbd7 10. e4 axb5 11. Bxb5 Ba6 12. Qe2 Bxb5 13. Nxb5 Ne8 14. 0-0 Nc7 15. Nc3 Ra7 16. Bf4 Qa8 17. e5 dxe5 18. Nxe5 Nxd5 19. Nxd5 Qxd5 20. Nc4 Qc6 21. a5 Nb8 22. Be5 f6 23. Bc3 Na6 24. Rd1 Rb8 25. Nb6 Kf7 26. Raa1 Qe6 27. Qb5 Qf5 28. h3 h5 29. Re1 e5 30. Rad1 Bf8 31. Re3 Be7 32. Qe2 Qe6 33. f4 Nb4 34. fxe5 f5 35. Rd6 Qa2 36. e6+ Ke8 37. Qb5+ 1-0

[Event "Moscow op (Women) 17th"]
[Site "Moscow"]
[Date "2021.02.27"]
[Round "8"]
[White "Alekseenko, Mariya"]
[Black "Mikheeva, Galina"]
[Result "0-1"]
[WhiteElo "1656"]
[BlackElo "1873"]
[PlyCount "70"]
[EventDate "2021.02.20"]
[EventType "swiss"]
[EventRounds "9"]
[EventCountry "RUS"]
[SourceTitle "CBM 200 Extra"]
[Source "ChessBase"]
[SourceDate "2021.03.31"]
[SourceVersion "1"]
[SourceVersionDate "2021.03.31"]
[SourceQuality "1"]

1. c4 Nf6 2. Nf3 e6 3. d4 d5 4. g3 dxc4 5. Qa4+ Bd7 6. Qxc4 Bc6 7. Bg2 Nbd7 8. Nc3 Nb6 9. Qd3 Bb4 10. 0-0 0-0 11. a3 Bxc3 12. Qxc3 h6 13. Re1 Rc8 14. Nd2 Bxg2 15. Kxg2 c5 16. dxc5 Qd5+ 17. e4 Qxc5 18. Qf3 Rfd8 19. e5 Nfd7 20. Qh5 Qd5+ 21. Nf3 Nc4 22. b4 g6 23. Qxh6 Ndxe5 24. Qf4 Nd3 25. Qe4 Nxe1+ 26. Qxe1 f6 27. h4 Ne5 28. Qe2 Qxf3+ 29. Qxf3 Nxf3 30. Kxf3 Rd1 31. Bb2 Rxa1 32. Bxa1 Kf7 33. Bd4 a6 34. a4 Rc4 35. Bc5 a5 0-1